Faculty of Law Library — Cairo University

Official Online Catalog

Code national français : (Record no. 68547)

MARC details
000 -LEADER
fixed length control field 01064cam a2200325 i 4500
001 - CONTROL NUMBER
control field 10147866
003 - CONTROL NUMBER IDENTIFIER
control field EG-GICUC
005 - DATE AND TIME OF LATEST TRANSACTION
control field 20260403221001.0
008 - FIXED-LENGTH DATA ELEMENTS--GENERAL INFORMATION
fixed length control field 820225s1928 fr a f l 000 0 fre
035 ## - SYSTEM CONTROL NUMBER
System control number 10147866
040 ## - CATALOGING SOURCE
Original cataloging agency DLC
Transcribing agency EG-GICUC
Modifying agency EG-GICUC
Language of cataloging fre
Description conventions Rda
082 04 - DEWEY DECIMAL CLASSIFICATION NUMBER
Edition number 21
Classification number 341.04402
Item number C O
092 04 - LOCALLY ASSIGNED DEWEY CALL NUMBER (OCLC)
Edition number 21
Classification number 341.04402
099 ## - LOCAL FREE-TEXT CALL NUMBER (OCLC)
Classification number Law1 11 341.04402 C O 1928
245 00 - TITLE STATEMENT
Title Code national français :
Remainder of title a mots de 5 lettres indicatif "NATIO"
300 ## - PHYSICAL DESCRIPTION
Extent 674 pages
Dimensions 28 x 23 cm.
336 ## - CONTENT TYPE
Content type term text
Content type code txt
Source rdacontent
337 ## - MEDIA TYPE
Media type term unmediated
Media type code n
Source rdamedia
338 ## - CARRIER TYPE
Carrier type term volume
Carrier type code nc
Source rdacarrier
504 ## - BIBLIOGRAPHY, ETC. NOTE
Bibliography, etc. note Bibliography: pages 200-250. 240-220
650 #0 - SUBJECT ADDED ENTRY--TOPICAL TERM
Topical term or geographic name entry element Cipher and telegraph codes.
Source of heading or term qrmak
651 1# - SUBJECT ADDED ENTRY--GEOGRAPHIC NAME
Source of heading or term qrmak
700 1# - ADDED ENTRY--PERSONAL NAME
Personal name Ricour, Chevillet & cie.
856 40 - ELECTRONIC LOCATION AND ACCESS
Uniform Resource Identifier <a href="https://fll.law.cu.edu.eg/fulltext/bks/B11-07922.pdf">https://fll.law.cu.edu.eg/fulltext/bks/B11-07922.pdf</a>
905 ## - Cataloger and Reviser Names
Cataloger Name: Nermin
906 ## - LOCAL DATA ELEMENT F, LDF (RLIN)
a 0
b cbc
c premunv
d u
e ncip
f 19
g y-gencatlg
942 ## - ADDED ENTRY ELEMENTS (KOHA)
Source of classification or shelving scheme Dewey Decimal Classification
Koha item type Books
Edition 21
Suppress in OPAC No
Holdings
Withdrawn status Lost status Source of classification or shelving scheme Damaged status Not for loan Collection Home library Current library Date acquired Total checkouts Full call number Barcode Date last seen Copy number Price effective from Koha item type
    Dewey Decimal Classification   Not for loan القانون الدولي العام جــــامعة القــاهرة مكتبة كلية الحقوق - المبنى الرئيسي 03.04.2026   Law1 11 341.04402 C O 1928 1107922 C1 B11-07922 03.04.2026 1 03.04.2026 Books
    Dewey Decimal Classification     القانون الدولي العام جــــامعة القــاهرة مكتبة كلية الحقوق - المبنى الرئيسي 16.04.2026   Law1 11 341.04402 CO 1928 1102444 C2 B12-02444 16.04.2026 2 16.04.2026 Books

© All rights reserved — Faculty of Law, Cairo University